000 00698nas a2200241 4500
001 BR9607036
003 BR-BrBNA
005 20231205095917.0
007 ta
008 230509b bl.|||p| |||| 00| 00por d
040 _aBR-BrBNA
_bpor
_cBiblioteca Nacional de Agricultura
041 _a(Pt)
072 _aP33
100 1 _aChaves, L.H.G.
100 1 _aDias, M.M.
245 1 _aFormas de potassio em regossolos do estado da paraiba
650 _aPotassio
650 _aRegossolo
650 _aParaiba
773 0 _tPesquisa Agropecuaria Brasileira (Brazil)
_xISSN 0100-204X
_g(Jul 1996), v. 31(7) p. 523-528
_wBR9607036
909 _a202311
_bLúcia
_c55
_dLúcia Elande
942 _2AGRIS
_n0
_cANA
999 _c153418
_d153418